Role of social partners in tackling discrimination at work

Detalles Bibliográficos
Autor principal: Weber, Tina
Otros Autores: Cerf, Catherine
Formato: eBook
Lenguaje:inglés
Publicado: Bruselas: European Union Publications Office, 2020
Materias:
Acceso en línea:Acceso restringido

MARC

LEADER 00000nam a22000007a 4500
005 20210907004915.0
007 cr|||| ||||
008 210907s2020 eu |||||s|||| 00||0 eng d
020 |a 978-92-897-2104-2 
035 |a 34063 
040 |a vLex 
090 |c 12280  |d 12280 
100 1 |a Weber, Tina 
245 1 0 |a Role of social partners in tackling discrimination at work  |h [Recurso electrn̤ico] /  |c Tina Weber, Catherine Cerf 
256 |a Servicio en ln̕ea 
260 |a Bruselas:  |b European Union Publications Office,  |c 2020 
300 |a 1 recurso electrn̤ico 
506 1 |a Disponible solo en los productos indicados  |d vLex Global  |d vLex Global (Academic Edition, excluding Law Schools)  |d vLex Global (U.S. Academic Edition, Law Schools)  |d vLex Global (U.S. Academic Edition, excluding Law Schools)  |d vLex Global (Academic Edition, Law Schools) 
650 0 4 |a Derecho Laboral y Seguridad Social  |z Unin̤ Europea 
650 0 4 |a Derecho Comunitario  |z Unin̤ Europea 
700 1 |a Cerf, Catherine 
740 0 |a vLex Libros (Servicio en ln̕ea) 
856 4 0 |u https://app.vlex.com/#/sources/34063  |z Acceso restringido 
942 |c BOOK 
999 0 |a Labor Law and Social Security 
999 0 |a Community Law